Διαλεχτά παραμύθια
Saved in:
| Main Author: | |
|---|---|
| Other Authors: | |
| Format: | Book |
| Language: | Greek German |
| Published: |
Αθήνα :
Καστανιώτης,
c1987.
|
| Series: | Νεανική βιβλιοθήκη, μύθοι - θρύλοι - παραμύθια
|
| Subjects: | |
| Tags: |
Add Tag
No Tags, Be the first to tag this record!
|
MARC
| LEADER | 00000cam a2200000 a 4500 | ||
|---|---|---|---|
| 001 | 1/107918 | ||
| 008 | 150812s1987####gr | ||| |||| ||gre|| | ||
| 020 | |a 9600301840 | ||
| 040 | |a GR-MyUa |b gre |c GR-MyUa |e AACR2 | ||
| 041 | 1 | |a gre |h ger | |
| 082 | 7 | |a 808.8 |2 (23) | |
| 100 | 1 | |a Andersen, H. C. |q (Hans Christian), |d 1805-1875. | |
| 245 | 1 | 0 | |a Διαλεχτά παραμύθια / |c Χάνσ κρίστιαν Άντερσεν ; μετάφραση Κωστία Κοντολέων. |
| 260 | |a Αθήνα : |b Καστανιώτης, |c c1987. | ||
| 300 | |a 177 σ. ; |c 21 εκ. | ||
| 490 | 1 | |a (Νεανική βιβλιοθήκη. Μύθοι - θρύλοι - παραμύθια) | |
| 650 | 0 | |a Fairy tales |z Denmark. | |
| 650 | 0 | |a Children's stories. | |
| 650 | 0 | |a Folk literature. | |
| 700 | 1 | |a Κοντολέων, Κώστια, |d 1945- |e trlf | |
| 830 | 0 | |a Νεανική βιβλιοθήκη, μύθοι - θρύλοι - παραμύθια | |
| 852 | |a INST |b SAMOS |e 20150812 |h 808.8 AND |p 005300042508 |q 005300042508 |t BK |y 0 | ||
| 970 | |a Γουβάλα |b Βάσω |z 12-08-2015 | ||